00623 2200193 4500001002100000005001500021035002000036007000300056008004100059020002200100082001100122084001700133100002400150245011900174250004500293260004400338300003400382650001300416INLIS00000000000114920250430030811 a0010-0425000050ta250430 g 0 ind  a978-602-02-5666-5 a155.25 a155.25 AHM t0 aAhmad Rifa'i Rif'an1 aTuhan, Maaf, Kami Sedang Sibuk :bRenungan dan Inspirasi Spiritual Orang Kantoran /cAhmad Rifa'i Rif'an (Penulis) aEdisi Revisi - Cetakan ke-14, Maret 2015 aJakarta :bElex Media Komputindo,c2015 a356 Halaman :bteks ;c23 cm 4aMotivasi